Cabeza rapada
Guardat en:
| Autor principal: | |
|---|---|
| Format: | Llibre |
| Idioma: | espanyol |
| Publicat: |
Barcelona
Seix Barral
1958
|
| Col·lecció: | Biblioteca Breve, 136
|
| Matèries: | |
| Etiquetes: |
Afegir etiqueta
Sense etiquetes, Sigues el primer a etiquetar aquest registre!
|
MARC
| LEADER | 00000nam a2200000 a 4500 | ||
|---|---|---|---|
| 001 | UCT6664 | ||
| 003 | CL-VaPUC | ||
| 008 | 970113e19580000SP |||||||||||||||||spa|d | ||
| 082 | 0 | 4 | |a 863 |b FER |2 21 |
| 100 | 0 | |a Fernández Santos, Jesús |e author |9 376911 | |
| 245 | 1 | 0 | |a Cabeza rapada |
| 300 | |a 224 p | ||
| 942 | |c BK | ||
| 945 | |d 19970113 00:00:00 |a rleighto | ||
| 260 | |a Barcelona |b Seix Barral |c 1958 | ||
| 650 | 0 | |a Novelas españolas |9 265052 | |
| 583 | |a last modification |c 19970113 00:00:00 |k Rodrigo Vera | ||
| 490 | 0 | |a Biblioteca Breve, 136 | |
| 999 | |c 255346 |d 255344 | ||
| 952 | |0 0 |1 0 |4 0 |6 863_000000000000000_FER_1958 |7 0 |8 A |9 277559 |a BIBEDU |b BIBEDU |d 2019-11-19 |i 3274039 |o 863 FER 1958 |p 3274039 |r 2019-11-19 |w 2019-11-19 |y BK |k LIT | ||